Géographie de l'environnement (notice n° 1994802)

détails MARC
000 -LEADER
fixed length control field 01675cam a2200169 4500500
005 - DATE AND TIME OF LATEST TRANSACTION
control field 20260329050441.0
041 ## - LANGUAGE CODE
Language code of text/sound track or separate title fre
042 ## - AUTHENTICATION CODE
Authentication code dc
100 10 - MAIN ENTRY--PERSONAL NAME
Personal name de Bélizal, Édouard
Relator term author
245 00 - TITLE STATEMENT
Title Géographie de l'environnement
260 ## - PUBLICATION, DISTRIBUTION, ETC.
Name of publisher, distributor, etc. Armand Colin,<br/>
Date of publication, distribution, etc. 2017.<br/>
520 ## - SUMMARY, ETC.
Summary, etc. La géographie de l’environnement étudie les relations entre sociétés et milieux biophysiques à toutes les échelles, du niveau local et individuel aux grands défis planétaires. L’objectif de cet ouvrage est de rendre compte de la complexité de ces interactions : exploitation des ressources naturelles, gestion des risques, protection de l’environnement, etc. La géographie de l’environnement amène donc à questionner les notions de développement, de représentations, d’aménagement ou encore de géopolitique : c’est un sujet transversal à tous les courants de la discipline. Ce manuel s’organise en trois temps forts : INTRODUCTION : questions essentielles, objectifs de connaissance par chapitre, lectures indispensables et notions clés à maîtriser. COURS : savoirs fondamentaux assortis d’exemples localisés, de définitions et de focus thématiques, d’une page d’entraînement et d’une étude de cas mobilisant des documents géographiques. MÉTHODES : méthodologie détaillée de chaque type d’exercice, avec une application commentée en lien avec un chapitre du cours.
700 10 - ADDED ENTRY--PERSONAL NAME
Personal name Fourault-Cauët, Véronique
Relator term author
700 10 - ADDED ENTRY--PERSONAL NAME
Personal name Germaine, Marie-Anne
Relator term author
700 10 - ADDED ENTRY--PERSONAL NAME
Personal name Temple-Boyer, Élise
Relator term author
856 41 - ELECTRONIC LOCATION AND ACCESS
Uniform Resource Identifier <a href="https://shs.cairn.info/geographie-de-l-environnement--9782200616304?lang=fr&redirect-ssocas=7080">https://shs.cairn.info/geographie-de-l-environnement--9782200616304?lang=fr&redirect-ssocas=7080</a>

Pas d'exemplaire disponible.

PLUDOC

PLUDOC est la plateforme unique et centralisée de gestion des bibliothèques physiques et numériques de Guinée administré par le CEDUST. Elle est la plus grande base de données de ressources documentaires pour les Étudiants, Enseignants chercheurs et Chercheurs de Guinée.

Adresse

627 919 101/664 919 101

25 boulevard du commerce
Kaloum, Conakry, Guinée

Réseaux sociaux

Powered by Netsen Group @ 2025